[Event "CZE-chT 2223"]
[Site "Czech Republic"]
[Date "2023.02.19"]
[Round "8.4"]
[White "Karlik, Ondrej"]
[Black "Jaracz, Pawel"]
[Result "0-1"]
[WhiteElo "2157"]
[BlackElo "2463"]
[PlyCount "82"]
[EventDate "2022.10.15"]
[EventType "team-tourn"]
[EventRounds "11"]
[EventCountry "CZE"]
[SourceTitle "CBM 213 Extra"]
[Source "ChessBase"]
[SourceDate "2023.05.31"]
[SourceVersion "1"]
[SourceVersionDate "2023.05.31"]
[SourceQuality "1"]
[WhiteTeam "Hostalkova"]
[BlackTeam "Turnov Zikuda"]
[WhiteTeamCountry "CZE"]
[BlackTeamCountry "CZE"]

1. d4 Nf6 2. Nf3 e6 3. e3 c5 4. Be2 Nc6 5. 0-0 d5 6. b3 cxd4 7. exd4 Bd6 8. Re1 0-0 9. Bb2 b6 10. Nbd2 Bb7 11. Bd3 Rc8 12. a3 Ne7 13. Ne5 Ng6 14. Nxg6 hxg6 15. Qe2 Re8 16. g3 Qc7 17. Rac1 Qe7 18. Ra1 Rc7 19. Kg2 Rec8 20. Nf3 Ne4 21. h4 f6 22. b4 a5 23. bxa5 bxa5 24. c4 Rxc4 25. Bxc4 dxc4 26. Kg1 Bd5 27. Bc1 Qc7 28. Qc2 Qc6 29. Nd2 Nxd2 30. Qxd2 Rb8 31. Kh2 Rb3 32. Qc2 Rd3 33. Be3 Be4 34. Qe2 Bf3 35. Qc2 Bxa3 36. Bf4 g5 37. Rxa3 Rxa3 38. hxg5 Qe8 39. g4 Bxg4 40. Kg1 Qh5 41. Rb1 Bf5 0-1

[Event "CZE-chT 2223"]
[Site "Czech Republic"]
[Date "2023.02.18"]
[Round "7.4"]
[White "Zilka, Stepan"]
[Black "Karlik, Ondrej"]
[Result "1-0"]
[WhiteElo "2594"]
[BlackElo "2157"]
[PlyCount "65"]
[EventDate "2022.10.15"]
[EventType "team-tourn"]
[EventRounds "11"]
[EventCountry "CZE"]
[SourceTitle "CBM 213 Extra"]
[Source "ChessBase"]
[SourceDate "2023.05.31"]
[SourceVersion "1"]
[SourceVersionDate "2023.05.31"]
[SourceQuality "1"]
[WhiteTeam "Novoborsky"]
[BlackTeam "Hostalkova"]
[WhiteTeamCountry "CZE"]
[BlackTeamCountry "CZE"]

1. e4 c6 2. Nf3 d5 3. d3 g6 4. e5 Bg7 5. d4 Bg4 6. Nbd2 e6 7. h3 Bxf3 8. Nxf3 Ne7 9. Bd3 Qc7 10. 0-0 c5 11. c3 Nbc6 12. a3 a6 13. b4 b6 14. Qe2 c4 15. Bc2 b5 16. a4 bxa4 17. Rxa4 0-0 18. Bg5 Rfb8 19. Rfa1 Qb7 20. Nh2 a5 21. bxa5 h6 22. Bc1 Ra6 23. Ng4 Kh7 24. Qf3 Ng8 25. h4 Rba8 26. h5 Rxa5 27. Rxa5 Rxa5 28. Rxa5 Nxa5 29. Nf6+ Kh8 30. Ne8 Qe7 31. Nd6 f5 32. hxg6 Qg5 33. Nf7# 1-0

[Event "CZE-chT2F 2223"]
[Site "Czech Republic"]
[Date "2023.01.08"]
[Round "6"]
[White "Kovarik, Matyas"]
[Black "Karlik, Ondrej"]
[Result "1/2-1/2"]
[WhiteElo "1996"]
[BlackElo "2145"]
[PlyCount "26"]
[EventDate "2022.10.16"]
[EventType "team-tourn"]
[EventRounds "11"]
[EventCountry "CZE"]
[SourceTitle "EXT 2024"]
[Source "ChessBase"]
[SourceDate "2023.10.10"]
[SourceVersion "1"]
[SourceVersionDate "2023.10.10"]
[SourceQuality "1"]
[WhiteTeam "Vsetin"]
[BlackTeam "Hostalkova II"]
[WhiteTeamCountry "CZE"]
[BlackTeamCountry "CZE"]

1. e4 c6 2. d4 d5 3. exd5 cxd5 4. Bd3 Nc6 5. c3 Nf6 6. h3 g6 7. Nf3 Bg7 8. 0-0 0-0 9. Bf4 Bf5 10. Bxf5 gxf5 11. Nbd2 e6 12. Qb3 b6 13. Rfe1 Ne4 1/2-1/2

[Event "CZE-chT1E 1819"]
[Site "Czech Republic"]
[Date "2019.04.07"]
[Round "11.3"]
[White "Karlik, Ondrej"]
[Black "Lanc, Alois"]
[Result "1/2-1/2"]
[WhiteElo "2176"]
[BlackElo "2292"]
[PlyCount "23"]
[EventDate "2018.10.21"]
[EventType "team-tourn"]
[EventRounds "11"]
[EventCountry "CZE"]
[SourceTitle "EXT 2020"]
[Source "ChessBase"]
[SourceDate "2019.10.17"]
[SourceVersion "1"]
[SourceVersionDate "2019.10.17"]
[SourceQuality "1"]
[WhiteTeam "Hostalkova"]
[BlackTeam "Kromeriz"]
[WhiteTeamCountry "CZE"]
[BlackTeamCountry "CZE"]

1. d4 Nf6 2. Nf3 g6 3. c3 Bg7 4. Qc2 d6 5. e4 0-0 6. Bg5 Nc6 7. Nbd2 h6 8. Bh4 e5 9. d5 Nb8 10. Bd3 a5 11. h3 g5 12. Nxg5 1/2-1/2

[Event "CZE-chT1E 1819"]
[Site "Czech Republic"]
[Date "2018.12.09"]
[Round "4.3"]
[White "Pisk, Petr"]
[Black "Karlik, Ondrej"]
[Result "1/2-1/2"]
[WhiteElo "2324"]
[BlackElo "2176"]
[PlyCount "39"]
[EventDate "2018.10.21"]
[EventType "team-tourn"]
[EventRounds "11"]
[EventCountry "CZE"]
[SourceTitle "CBM 187 Extra"]
[Source "ChessBase"]
[SourceDate "2018.11.04"]
[SourceVersion "1"]
[SourceVersionDate "2018.11.04"]
[SourceQuality "1"]
[WhiteTeam "Jundrov Jezdci"]
[BlackTeam "Hostalkova"]
[WhiteTeamCountry "CZE"]
[BlackTeamCountry "CZE"]

1. d4 f5 2. Nc3 Nf6 3. Bg5 e6 4. e4 fxe4 5. Nxe4 Be7 6. Bxf6 Bxf6 7. Nf3 b6 8. Bd3 Bb7 9. Qe2 Qe7 10. c3 Nc6 11. Ba6 Bxa6 12. Qxa6 0-0 13. 0-0 Nd8 14. Rad1 Nf7 15. Rfe1 Nd6 16. Qd3 Rae8 17. d5 Nxe4 18. Rxe4 Qf7 19. Rc4 d6 20. Kf1 1/2-1/2

[Event "CZE-chT1E 1718"]
[Site "Czech Republic"]
[Date "2018.03.25"]
[Round "10.4"]
[White "Karlik, Ondrej"]
[Black "Novosadova, Kristyna"]
[Result "1/2-1/2"]
[WhiteElo "2193"]
[BlackElo "2184"]
[PlyCount "48"]
[EventDate "2017.10.22"]
[EventType "team-tourn"]
[EventRounds "11"]
[EventCountry "CZE"]
[SourceTitle "EXT 2019"]
[Source "ChessBase"]
[SourceDate "2018.10.10"]
[SourceVersion "1"]
[SourceVersionDate "2018.10.10"]
[SourceQuality "1"]
[WhiteTeam "Hostalkova"]
[BlackTeam "Frydek Mistek II"]
[WhiteTeamCountry "CZE"]
[BlackTeamCountry "CZE"]

1. d4 Nf6 2. Nf3 g6 3. g3 Bg7 4. Bg2 0-0 5. 0-0 d5 6. Nbd2 Bf5 7. c3 Nbd7 8. Qb3 Nb6 9. Re1 Ne4 10. Nh4 Nxd2 11. Bxd2 Be6 12. Qc2 Nc4 13. Bf4 f6 14. b3 Na3 15. Qc1 Nb5 16. Bh6 c6 17. Bxg7 Kxg7 18. Nf3 Qa5 19. a4 Nd6 20. Qe3 Kf7 21. Qh6 Nf5 22. Qd2 Nd6 23. Qh6 Nf5 24. Qd2 Nd6 1/2-1/2

[Event "CZE-chT1E 1718"]
[Site "Czech Republic"]
[Date "2018.02.18"]
[Round "8.5"]
[White "Karlik, Ondrej"]
[Black "Bazant, Petr Sr"]
[Result "1/2-1/2"]
[WhiteElo "2193"]
[BlackElo "2228"]
[PlyCount "55"]
[EventDate "2017.10.22"]
[EventType "team-tourn"]
[EventRounds "11"]
[EventCountry "CZE"]
[SourceTitle "EXT 2019"]
[Source "ChessBase"]
[SourceDate "2018.10.10"]
[SourceVersion "1"]
[SourceVersionDate "2018.10.10"]
[SourceQuality "1"]
[WhiteTeam "Hostalkova"]
[BlackTeam "Stare Mesto"]
[WhiteTeamCountry "CZE"]
[BlackTeamCountry "CZE"]

1. e4 c5 2. Nf3 Nf6 3. e5 Nd5 4. Nc3 Nxc3 5. dxc3 Nc6 6. Bc4 e6 7. Qe2 Be7 8. h4 d5 9. exd6 Qxd6 10. Bg5 Bxg5 11. hxg5 Bd7 12. Rd1 Qe7 13. Kd2 0-0-0 14. Kc1 Na5 15. Bd3 Bc6 16. Be4 Rxd1+ 17. Rxd1 h5 18. b3 Rd8 19. Rxd8+ Qxd8 20. Kb2 Qd6 21. g3 Kc7 22. Qe3 b6 23. a3 g6 24. Nd2 Qe5 25. f4 Qd6 26. Bxc6 Nxc6 27. Ne4 Qd8 28. Nf6 1/2-1/2

[Event "CZE-chT1E 1718"]
[Site "Czech Republic"]
[Date "2018.01.21"]
[Round "6.6"]
[White "Karlik, Ondrej"]
[Black "Kawulok, Marek"]
[Result "1/2-1/2"]
[WhiteElo "2193"]
[BlackElo "2172"]
[PlyCount "80"]
[EventDate "2017.10.22"]
[EventType "team-tourn"]
[EventRounds "11"]
[EventCountry "CZE"]
[SourceTitle "EXT 2019"]
[Source "ChessBase"]
[SourceDate "2018.10.10"]
[SourceVersion "1"]
[SourceVersionDate "2018.10.10"]
[SourceQuality "1"]
[WhiteTeam "Hostalkova"]
[BlackTeam "Cesky Tesin"]
[WhiteTeamCountry "CZE"]
[BlackTeamCountry "CZE"]

1. e4 e5 2. Nf3 Nc6 3. d4 exd4 4. Nxd4 Nf6 5. f3 d5 6. Bb5 Bd7 7. Bxc6 Bxc6 8. Nxc6 bxc6 9. e5 Nd7 10. 0-0 Bc5+ 11. Kh1 0-0 12. f4 Re8 13. c4 Nb6 14. cxd5 cxd5 15. Qc2 Bf8 16. Nd2 c5 17. Nf3 d4 18. Qf5 Qd7 19. Qxd7 Nxd7 20. b4 cxb4 21. Nxd4 Rac8 22. Be3 Rc3 23. Bg1 a5 24. Rad1 Nc5 25. Nc6 Ra8 26. f5 Ne4 27. Nd4 Ra3 28. e6 fxe6 29. fxe6 Rxa2 30. Nc6 b3 31. e7 Bxe7 32. Nxe7+ Kh8 33. Bd4 h6 34. Rde1 Nf6 35. h3 a4 36. Rb1 Rd2 37. Bc3 Rc2 38. Bd4 Rd2 39. Bc3 Rc2 40. Bd4 Rd2 1/2-1/2

[Event "EU-ch blitz"]
[Site "Katowice"]
[Date "2017.12.15"]
[Round "3"]
[White "Hracek, Zbynek"]
[Black "Karlik, Ondrej"]
[Result "1-0"]
[WhiteElo "2592"]
[BlackElo "2171"]
[PlyCount "109"]
[EventDate "2017.12.15"]
[EventType "swiss (blitz)"]
[EventRounds "22"]
[EventCountry "POL"]
[SourceTitle "CBM 182 Extra"]
[Source "ChessBase"]
[SourceDate "2018.02.23"]
[SourceVersion "1"]
[SourceVersionDate "2018.02.23"]
[SourceQuality "1"]

1. c4 e6 2. Nc3 Nf6 3. d4 d5 4. cxd5 exd5 5. Bg5 Be7 6. e3 c6 7. Bd3 h6 8. Bh4 Nbd7 9. Nge2 Nf8 10. Qc2 Ne6 11. 0-0 0-0 12. Rad1 Re8 13. f3 b5 14. Kh1 a5 15. Bf2 Bb7 16. Bg1 a4 17. e4 Qa5 18. e5 Nd7 19. f4 b4 20. Nb1 c5 21. f5 Nxd4 22. Nxd4 cxd4 23. Bxd4 Rac8 24. Qf2 Bc5 25. e6 Bxd4 26. Qxd4 Nf6 27. Nd2 Qc5 28. Nf3 fxe6 29. fxe6 Rxe6 30. Bf5 Qxd4 31. Bxe6+ Kh7 32. Nxd4 Rc4 33. Rf2 Bc8 34. Bxc8 Rxc8 35. Rc2 Re8 36. Kg1 Ng4 37. h3 Nf6 38. Re2 Rc8 39. Rdd2 Ne4 40. Rc2 Rf8 41. Rc7 Rf6 42. Rb7 a3 43. Rxb4 axb2 44. Rexb2 Ra6 45. a4 Ra8 46. Ra2 Rc8 47. a5 h5 48. a6 h4 49. Ra1 Ra8 50. a7 Ng3 51. Rb8 Rxa7 52. Rxa7 Kg6 53. Rbb7 Kh6 54. Rxg7 Ne4 55. Nf5+ 1-0

[Event "CZE-chT1E 1718"]
[Site "Czech Republic"]
[Date "2017.11.12"]
[Round "2.5"]
[White "Walek, Milan"]
[Black "Karlik, Ondrej"]
[Result "1-0"]
[WhiteElo "2291"]
[BlackElo "2193"]
[PlyCount "147"]
[EventDate "2017.10.22"]
[EventType "team-tourn"]
[EventRounds "11"]
[EventCountry "CZE"]
[SourceTitle "CBM 181 Extra"]
[Source "ChessBase"]
[SourceDate "2017.12.12"]
[SourceVersion "1"]
[SourceVersionDate "2017.12.12"]
[SourceQuality "1"]
[WhiteTeam "Trinec"]
[BlackTeam "Hostalkova"]
[WhiteTeamCountry "CZE"]
[BlackTeamCountry "CZE"]

1. e4 c6 2. Nc3 d5 3. Nf3 g6 4. h3 Bg7 5. d4 e6 6. Bd3 Ne7 7. 0-0 Qc7 8. Re1 0-0 9. Bg5 f6 10. Bd2 b5 11. a3 a6 12. Qc1 Rf7 13. Bh6 Nd7 14. Bxg7 Kxg7 15. e5 c5 16. exf6+ Rxf6 17. Qg5 c4 18. Bf1 h6 19. Qd2 Nf8 20. Ne5 Nc6 21. Nxc6 Qxc6 22. g3 Ra7 23. Bg2 Raf7 24. Re2 Qd6 25. Nd1 Nd7 26. Ne3 h5 27. Rae1 Nf8 28. Nf1 Nh7 29. h4 Nf8 30. Nh2 Rf5 31. Bh3 R5f6 32. f4 Rc7 33. c3 a5 34. Nf3 Ra7 35. Ng5 b4 36. axb4 axb4 37. Rb1 Ra2 38. Qe3 b3 39. Qe5 Qxe5 40. fxe5 Rf5 41. Bxf5 gxf5 42. Nh3 Bd7 43. Nf4 Be8 44. Kf2 Bf7 45. Ke3 Nd7 46. Ree1 Nf8 47. Kf3 Kg8 48. Rec1 Kg7 49. Ng2 f4 50. Nxf4 Kh6 51. Rg1 Bg8 52. g4 hxg4+ 53. Rxg4 Bh7 54. Rbg1 Rxb2 55. Rg5 Be4+ 56. Ke3 Ng6 57. Rxg6+ Bxg6 58. Rxg6+ Kh7 59. Rxe6 Rc2 60. Ne2 Ra2 61. Rb6 Kg7 62. Rb7+ Kg6 63. e6 Kf6 64. e7 Kf7 65. h5 Ra6 66. Nf4 b2 67. Rxb2 Kxe7 68. Nxd5+ Kd6 69. Rb6+ Kxd5 70. Rb5+ Kd6 71. Rc5 Ra4 72. h6 Ra1 73. Rh5 Re1+ 74. Kd2 1-0

[Event "CZE-chT2E 1617"]
[Site "Czech Republic"]
[Date "2017.02.26"]
[Round "9.3"]
[White "Karlik, Ondrej"]
[Black "Majer, Jiri Sr"]
[Result "1-0"]
[WhiteElo "2175"]
[BlackElo "2034"]
[PlyCount "119"]
[EventDate "2016.09.10"]
[EventType "team-tourn"]
[EventRounds "11"]
[EventCountry "CZE"]
[SourceTitle "EXT 2022"]
[Source "ChessBase"]
[SourceDate "2021.10.06"]
[SourceVersion "1"]
[SourceVersionDate "2021.10.06"]
[SourceQuality "1"]
[WhiteTeam "Hostalkova"]
[BlackTeam "Kurim"]
[WhiteTeamCountry "CZE"]
[BlackTeamCountry "CZE"]

1. e4 c6 2. d4 d5 3. exd5 cxd5 4. Bd3 Nc6 5. c3 Qc7 6. h3 e5 7. dxe5 Nxe5 8. Nf3 Nxd3+ 9. Qxd3 Qc4 10. Qe3+ Qe4 11. 0-0 Qxe3 12. Bxe3 Be7 13. Re1 f6 14. Na3 Bd7 15. Rad1 Bc6 16. Nd4 Kf7 17. Nab5 a6 18. Nc7 Rc8 19. Bf4 Bd8 20. Nxc6 bxc6 21. Nxa6 Ne7 22. Nc5 Bc7 23. Bxc7 Rxc7 24. a4 Ra8 25. b4 Nf5 26. a5 Nd6 27. Re2 Nb5 28. Rd3 Re7 29. Rxe7+ Kxe7 30. Re3+ Kf7 31. Kf1 d4 32. cxd4 Nxd4 33. Rd3 Ne6 34. Nb7 Ke7 35. Rc3 Kd7 36. Ke2 Kc7 37. Nc5 Nxc5 38. Rxc5 Kb7 39. Rc3 Re8+ 40. Kd3 Rd8+ 41. Kc2 Rd7 42. Kb3 Rd2 43. Rc2 Rd1 44. Re2 Rb1+ 45. Kc3 Rc1+ 46. Kb2 Rf1 47. Re7+ Ka6 48. Rxg7 Rxf2+ 49. Kc3 c5 50. bxc5 Kxa5 51. Kc4 Ka6 52. Kd5 h5 53. Kc6 Re2 54. Rg3 Re6+ 55. Kd7 Re2 56. c6 Rd2+ 57. Kc8 h4 58. Rb3 Rxg2 59. c7 Rd2 60. Kb8 1-0

[Event "CZE-chT2E 1617"]
[Site "Czech Republic"]
[Date "2016.11.13"]
[Round "3.3"]
[White "Karlik, Ondrej"]
[Black "Vavruska, Antonin"]
[Result "1/2-1/2"]
[WhiteElo "2175"]
[BlackElo "2100"]
[PlyCount "86"]
[EventDate "2016.09.10"]
[EventType "team-tourn"]
[EventRounds "11"]
[EventCountry "CZE"]
[SourceTitle "EXT 2022"]
[Source "ChessBase"]
[SourceDate "2021.10.06"]
[SourceVersion "1"]
[SourceVersionDate "2021.10.06"]
[SourceQuality "1"]
[WhiteTeam "Hostalkova"]
[BlackTeam "Stare Mesto II"]
[WhiteTeamCountry "CZE"]
[BlackTeamCountry "CZE"]

1. e4 c5 2. Nf3 e6 3. d4 cxd4 4. Nxd4 Nf6 5. Bd3 Nc6 6. Nxc6 dxc6 7. e5 Qa5+ 8. Nc3 Qxe5+ 9. Be3 Bc5 10. 0-0 Bxe3 11. fxe3 Qxe3+ 12. Kh1 e5 13. Rf3 Qd4 14. Qf1 Qh4 15. g3 Qh6 16. Re1 0-0 17. Rxe5 Ng4 18. Re2 f6 19. Kg1 Bd7 20. Bc4+ Kh8 21. h3 Rfd8 22. hxg4 Bxg4 23. Rh2 Qg5 24. Rf4 f5 25. Bd3 g6 26. Rhf2 Re8 27. Kg2 Re7 28. Be2 Bxe2 29. Rxe2 Rd7 30. Ne4 Qe7 31. Nf2 Qd6 32. b3 Rad8 33. Nd3 Re7 34. Rff2 Rde8 35. Nf4 g5 36. Qa1+ Kg8 37. Rxe7 Rxe7 38. Ne2 Qd5+ 39. Kg1 Qd2 40. Qd4 Qe1+ 41. Kg2 Rxe2 42. Qd8+ Kf7 43. Qd7+ Kg8 1/2-1/2

[Event "CZE-chT2E 1617"]
[Site "Czech Republic"]
[Date "2016.10.23"]
[Round "2.3"]
[White "Novosadova, Kristyna"]
[Black "Karlik, Ondrej"]
[Result "1/2-1/2"]
[WhiteElo "2176"]
[BlackElo "2175"]
[PlyCount "100"]
[EventDate "2016.09.10"]
[EventType "team-tourn"]
[EventRounds "11"]
[EventCountry "CZE"]
[SourceTitle "EXT 2022"]
[Source "ChessBase"]
[SourceDate "2021.10.06"]
[SourceVersion "1"]
[SourceVersionDate "2021.10.06"]
[SourceQuality "1"]
[WhiteTeam "Jundrov Jezdci"]
[BlackTeam "Hostalkova"]
[WhiteTeamCountry "CZE"]
[BlackTeamCountry "CZE"]

1. e4 c6 2. d4 d5 3. Nc3 dxe4 4. Nxe4 Nf6 5. Nxf6+ gxf6 6. Nf3 Bf5 7. Bd3 Bg6 8. Be3 e6 9. Qe2 Qc7 10. 0-0-0 Bd6 11. Kb1 Nd7 12. c4 Bf4 13. g3 Bxe3 14. Qxe3 Nb6 15. Bxg6 hxg6 16. Qc3 0-0-0 17. b3 Nd7 18. Rhe1 Rh5 19. h4 Kb8 20. Rd3 a6 21. Qd2 Nb6 22. Re4 Ka7 23. g4 Rhh8 24. g5 f5 25. Re1 Nc8 26. Qe3 Kb8 27. Rh1 c5 28. Rhd1 Nd6 29. dxc5 Ne4 30. Rxd8+ Rxd8 31. Rxd8+ Qxd8 32. Kc2 Qa5 33. Kb2 Qc7 34. b4 a5 35. a3 axb4 36. axb4 b6 37. c6 Qxc6 38. Ne5 Qd6 39. Nd3 Qd8 40. f3 Nd6 41. Ne5 Qc7 42. Qd4 Kb7 43. Kb3 Kc8 44. c5 Nb5 45. Qa1 Kb8 46. f4 bxc5 47. bxc5 Qb7 48. Kc4 Na7 49. Qd4 Kc8 50. Qd6 Qe4+ 1/2-1/2

[Event "CZE-chT2E 1617"]
[Site "Czech Republic"]
[Date "2016.10.09"]
[Round "1.3"]
[White "Karlik, Ondrej"]
[Black "Bosak, Jan"]
[Result "1/2-1/2"]
[WhiteElo "2175"]
[BlackElo "2126"]
[PlyCount "36"]
[EventDate "2016.09.10"]
[EventType "team-tourn"]
[EventRounds "11"]
[EventCountry "CZE"]
[SourceTitle "EXT 2022"]
[Source "ChessBase"]
[SourceDate "2021.10.06"]
[SourceVersion "1"]
[SourceVersionDate "2021.10.06"]
[SourceQuality "1"]
[WhiteTeam "Hostalkova"]
[BlackTeam "Vsetin"]
[WhiteTeamCountry "CZE"]
[BlackTeamCountry "CZE"]

1. e4 e6 2. Nc3 d5 3. g3 d4 4. Nce2 d3 5. cxd3 Nf6 6. Nf3 Nc6 7. a3 e5 8. Qc2 Bg4 9. Bg2 Qd6 10. d4 exd4 11. d3 Bxf3 12. Bxf3 Ne5 13. Bg2 Qa6 14. 0-0 Nxd3 15. Nxd4 0-0-0 16. Be3 Bc5 17. Nf5 Bxe3 18. Nxe3 Rhe8 1/2-1/2

[Event "CZE-chT2F 1516"]
[Site "Czech Republic"]
[Date "2016.04.17"]
[Round "11.22"]
[White "Karlik, Ondrej"]
[Black "Lanc, Alois"]
[Result "0-1"]
[WhiteElo "2199"]
[BlackElo "2329"]
[PlyCount "78"]
[EventDate "2015.10.18"]
[EventType "team-tourn"]
[EventRounds "11"]
[EventCountry "CZE"]
[SourceTitle "EXT 2022"]
[Source "ChessBase"]
[SourceDate "2021.10.06"]
[SourceVersion "1"]
[SourceVersionDate "2021.10.06"]
[SourceQuality "1"]
[WhiteTeam "Hostalkova"]
[BlackTeam "Kromeriz Slavia II"]
[WhiteTeamCountry "CZE"]
[BlackTeamCountry "CZE"]

1. e4 c5 2. Nf3 e6 3. d4 cxd4 4. Nxd4 Nf6 5. Bd3 Nc6 6. Nxc6 bxc6 7. 0-0 e5 8. Nc3 Be7 9. Kh1 d6 10. b3 0-0 11. f4 exf4 12. Bxf4 Nd7 13. Ne2 Nc5 14. Qd2 Bf6 15. Rae1 Be5 16. Ng3 Be6 17. Qf2 Qf6 18. Qe3 Bxf4 19. Rxf4 Qe5 20. Rh4 g6 21. Ne2 Rae8 22. Nd4 Bd7 23. Nf3 Qg7 24. Ng5 h6 25. Nf3 g5 26. Rh3 Bxh3 27. gxh3 Nxd3 28. cxd3 c5 29. Rg1 Re6 30. Nh4 f5 31. Qf3 fxe4 32. Qg4 Qe5 33. d4 cxd4 34. Qh5 e3 35. Ng2 Qe4 36. h4 e2 37. hxg5 Rf1 38. gxh6 Rxg1+ 39. Kxg1 e1Q+ 0-1

[Event "CZE-chT1E 1516"]
[Site "Czech Republic"]
[Date "2016.04.10"]
[Round "11.3"]
[White "Mudrak, Josef"]
[Black "Karlik, Ondrej"]
[Result "1/2-1/2"]
[WhiteElo "2290"]
[BlackElo "2201"]
[PlyCount "35"]
[EventDate "2015.10.11"]
[EventType "team-tourn"]
[EventRounds "11"]
[EventCountry "CZE"]
[SourceTitle "EXT 2017"]
[Source "ChessBase"]
[SourceDate "2016.10.25"]
[SourceVersion "1"]
[SourceVersionDate "2016.10.25"]
[SourceQuality "1"]
[WhiteTeam "Kromeriz"]
[BlackTeam "Zlin"]
[WhiteTeamCountry "CZE"]
[BlackTeamCountry "CZE"]

1. d4 d5 2. Nf3 Nf6 3. g3 Bf5 4. Bg2 e6 5. 0-0 Be7 6. c4 0-0 7. Qb3 Qc8 8. Nc3 c6 9. Nh4 Bg6 10. Nxg6 hxg6 11. Bg5 Nbd7 12. Rac1 Nb6 13. cxd5 exd5 14. Rfd1 Qf5 15. Bxf6 Bxf6 16. e4 dxe4 17. Bxe4 Qg4 18. a4 1/2-1/2

[Event "CZE-chT1E 1516"]
[Site "Czech Republic"]
[Date "2016.03.20"]
[Round "10.7"]
[White "Karlik, Ondrej"]
[Black "Fuksik, Jakub"]
[Result "1-0"]
[WhiteElo "2201"]
[BlackElo "2189"]
[PlyCount "31"]
[EventDate "2015.10.11"]
[EventType "team-tourn"]
[EventRounds "11"]
[EventCountry "CZE"]
[SourceTitle "EXT 2017"]
[Source "ChessBase"]
[SourceDate "2016.10.25"]
[SourceVersion "1"]
[SourceVersionDate "2016.10.25"]
[SourceQuality "1"]
[WhiteTeam "Zlin"]
[BlackTeam "Grygov"]
[WhiteTeamCountry "CZE"]
[BlackTeamCountry "CZE"]

1. e4 e5 2. Nf3 Nc6 3. d4 exd4 4. Nxd4 Bc5 5. Nb3 Bb6 6. Nc3 a6 7. f3 d6 8. Qe2 Be6 9. Be3 Bxe3 10. Qxe3 Nge7 11. 0-0-0 Qd7 12. Qg5 0-0 13. g4 b5 14. h4 Ne5 15. Be2 Bc4 16. Qxe5 1-0

[Event "CZE-chT2F 1516"]
[Site "Czech Republic"]
[Date "2016.02.21"]
[Round "8.62"]
[White "Karlik, Ondrej"]
[Black "Urbanski, Grzegorz"]
[Result "1/2-1/2"]
[WhiteElo "2199"]
[BlackElo "2255"]
[PlyCount "67"]
[EventDate "2015.10.18"]
[EventType "team-tourn"]
[EventRounds "11"]
[EventCountry "CZE"]
[SourceTitle "EXT 2022"]
[Source "ChessBase"]
[SourceDate "2021.10.06"]
[SourceVersion "1"]
[SourceVersionDate "2021.10.06"]
[SourceQuality "1"]
[WhiteTeam "Hostalkova"]
[BlackTeam "Cesky Tesin"]
[WhiteTeamCountry "CZE"]
[BlackTeamCountry "CZE"]

1. e4 e6 2. Nc3 d5 3. g3 d4 4. Nce2 b5 5. d3 Bb7 6. Bg2 c5 7. Nh3 Nf6 8. 0-0 Nc6 9. f4 Ng4 10. Ng5 Be7 11. h3 Ne3 12. Bxe3 dxe3 13. Nf3 Qb6 14. Qc1 Nd4 15. Re1 Rd8 16. Kh2 h5 17. h4 f6 18. Neg1 g5 19. Rxe3 gxf4 20. gxf4 Qc7 21. Nh3 Bd6 22. Nxd4 Bxf4+ 23. Nxf4 Qxf4+ 24. Rg3 Qxc1 25. Rxc1 Rxd4 26. Rg1 Rh7 27. Bh3 Kf7 28. b3 c4 29. bxc4 bxc4 30. Rb1 Rd7 31. Rb4 Rc7 32. Ra4 a6 33. Rb4 Rh8 34. Rb6 1/2-1/2

[Event "CZE-chT1E 1516"]
[Site "Czech Republic"]
[Date "2015.11.15"]
[Round "3.5"]
[White "Karlik, Ondrej"]
[Black "Pascenko, Jaromir"]
[Result "1/2-1/2"]
[WhiteElo "2201"]
[BlackElo "2079"]
[PlyCount "120"]
[EventDate "2015.10.11"]
[EventType "team-tourn"]
[EventRounds "11"]
[EventCountry "CZE"]
[SourceTitle "CBM 169 Extra"]
[Source "ChessBase"]
[SourceDate "2015.12.18"]
[SourceVersion "1"]
[SourceVersionDate "2015.12.18"]
[SourceQuality "1"]
[WhiteTeam "Zlin"]
[BlackTeam "Policka"]
[WhiteTeamCountry "CZE"]
[BlackTeamCountry "CZE"]

1. e4 d6 2. d4 Nf6 3. Nc3 g6 4. f3 Bg7 5. Be3 c6 6. Qd2 Qa5 7. 0-0-0 b5 8. Kb1 Nbd7 9. g4 Nb6 10. e5 Nfd5 11. Nxd5 Qxd2 12. Bxd2 Nxd5 13. exd6 exd6 14. Ne2 Be6 15. h3 Kd7 16. a3 a5 17. Bc1 b4 18. a4 Rab8 19. Rh2 b3 20. c4 Nb6 21. d5 cxd5 22. cxd5 Nxd5 23. Nd4 Bxd4 24. Rxd4 Rhc8 25. Bb5+ Ke7 26. Re2 Rc5 27. Re1 Rbc8 28. Bd2 Nc7 29. Bd3 Nd5 30. f4 Kf6 31. f5 gxf5 32. gxf5 Bd7 33. Rg4 Bxf5 34. Bg5+ Kg6 35. Be7+ Kh6 36. Rh4+ Kg7 37. Bxf5 Nxe7 38. Bxc8 Nxc8 39. Rg1+ Kf6 40. Rxh7 Nb6 41. Rf1+ Ke6 42. Rhxf7 Nd5 43. R7f3 Rc4 44. Rxb3 Rxa4 45. Re1+ Kd7 46. Rb7+ Kc6 47. Rh7 Rb4 48. Rc1+ Kb5 49. Rd7 Rd4 50. Rb7+ Ka4 51. b3+ Ka3 52. Kc2 Nb4+ 53. Kc3 Rd3+ 54. Kc4 Rxh3 55. Ra1+ Kb2 56. Rxa5 Rc3+ 57. Kxb4 Rxb3+ 58. Kc4 Rxb7 59. Rb5+ Rxb5 60. Kxb5 Kc3 1/2-1/2

[Event "CZE-ch U18"]
[Site "Kouty nad Desnou"]
[Date "2015.03.10"]
[Round "5"]
[White "Szotkowski, Jakub"]
[Black "Karlik, Ondrej"]
[Result "1/2-1/2"]
[WhiteElo "2270"]
[BlackElo "2171"]
[PlyCount "118"]
[EventDate "2015.03.06"]
[EventType "tourn"]
[EventRounds "11"]
[EventCountry "CZE"]
[SourceTitle "EXT 2017"]
[Source "ChessBase"]
[SourceDate "2016.10.25"]
[SourceVersion "1"]
[SourceVersionDate "2016.10.25"]
[SourceQuality "1"]

1. Nf3 Nf6 2. c4 e6 3. d4 d5 4. g3 Be7 5. Bg2 0-0 6. 0-0 Nbd7 7. Nbd2 c6 8. Qc2 b6 9. e4 dxe4 10. Ne5 Bb7 11. Nxe4 Nxe5 12. dxe5 Nxe4 13. Qxe4 Qc7 14. Be3 Rab8 15. c5 Bxc5 16. Bxc5 bxc5 17. Rfc1 c4 18. Qxc4 Qxe5 19. b3 g6 20. Qc5 Qxc5 21. Rxc5 Rfd8 22. Rac1 Rd2 23. Ra5 a6 24. Ra4 Rc8 25. Rb4 Rc7 26. a4 Kf8 27. Rb6 Rb2 28. Rd1 Ke7 29. a5 e5 30. Re1 Kd6 31. Rd1+ Ke7 32. b4 f5 33. g4 fxg4 34. Kf1 Kf6 35. Ke1 Kg5 36. Bf1 Rf7 37. Be2 h5 38. Rd6 Kh4 39. Rxg6 Rb1+ 40. Kd2 Rxf2 41. Ke3 Rf7 42. Re6 Rb3+ 43. Kd2 Rh3 44. Rxe5 Rxh2 45. Ke3 Rh3+ 46. Kd4 Rd7+ 47. Ke4 Rh1 48. Kf5 Re1 49. b5 cxb5 50. Kg6 Kg3 51. Bxg4 Rxe5 52. Bxd7 Be4+ 53. Kf6 Rd5 54. Be6 Rc5 55. Rxa6 h4 56. Ra7 Bd3 57. Rg7+ Kf3 58. a6 Rc6 59. a7 Ra6 1/2-1/2